The flexible organization : (Record no. 3013)
[ view plain ]
| 000 -LEADER | |
|---|---|
| fixed length control field | 01370pam a2200157 a 4500 |
| 020 ## - INTERNATIONAL STANDARD BOOK NUMBER | |
| ISBN | 0133223132 |
| 050 ## - CALL NUMBER | |
| Classification number | HD58.9 |
| Item number | .F67 |
| 100 ## - AUTHOR | |
| Personal name | Forisha-Kovach, Barbara. |
| 245 ## - TITLE | |
| Title | The flexible organization : |
| Remainder of title | a unique new system for organizational effectiveness and success |
| Statement of responsibility, etc | The flexible organization : |b a unique new system for organizational effectiveness and success / |c Barbara Forisha-Kovach. |
| 260 ## - PUBLICATION INFORMATION | |
| Place of publication | Englewood Cliffs, N.J. : |
| Name of publisher | Prentice-Hall, |
| Year of publication | 1984. |
| 300 ## - DESCRIPTION | |
| Number of Pages | vii, 159 p. : |
| Other physical details | ill. ; |
| Dimensions | 22 cm. |
| 500 ## - NOTES | |
| General note | "A Spectrum book." |
| 505 ## - FORMATTED CONTENTS NOTE | |
| Table of Content | Chapter 1. Organizational effectiveness and the management of change<br/>Chapter 2. Organizational structures: Balancing pyramids and circles<br/>Chapter 3. Personality styles and individuals in organizations<br/>Chapter 4. Management and leadership styles for organizationnal effectineness<br/>Chapter 5. Effective work groups in pyramids and circles<br/>Chapter 6. Communication and group effectiveness in pyramids and circles<br/>Chapter 7. Group norms and expectations and the change process<br/>Chapter 8. Guiding the change process in problem solving and decision making<br/>Chapter 9. Shaping organizational change: The past, the present and the future<br/>Chapter 10. The individual and the organization: change, and personal growth/141 by Glenn Morris, Randy Ko |
| 650 ## - SUBJECTS | |
| Topical Term | Organizational effectiveness. |
| 942 ## - ADDED ENTRY ELEMENTS (KOHA) | |
| Koha item type | Books |
| Withdrawn status | Lost status | Home library | Current library | Shelving location | Date acquired | Full call number | Accession Number | Koha item type |
|---|---|---|---|---|---|---|---|---|
| Methodist University Library Tema | Methodist University Library Tema | General Stacks | 01/04/2006 | HD58.9 .F67 | 21279 | Books |